• 首页
  • 本馆介绍
  • 公告通知
  • 最新文献
  • 馆藏检索
  • 电子资源
  • 读者导购
  • 参考咨询
  • 我的图书馆
  • 登录
  • 详细信息显示
  • 放入我的书架
  • 预约/预借图书
  • 作者相关作品
  • 分类相关作品
  • 丛书相关作品
  • 出版社相关作品

书目信息

  • 表格格式
  • 工作单格式
  • 卡片格式
题名:
一个俄罗斯姑娘和她的中国家族
    
 
作者: 苏文河 著
分册:  
出版信息: 北京   中国文联出版公司  1988.9
页数: 255页
开本: 19厘米
丛书名:
单 册:
中图分类: I25
科图分类: 44.6528
主题词: 报告文学--中国 , 传记文学--中国
电子资源:
ISBN: 7-5059-0360-8
000 00885nam0 2200277 45
001 0189016569
005 20040415155214.4
010    @a7-5059-0360-8@dCNY2.30
020    @aCN@b89016569
100    @a19910513d1988 m y0chiy0120 ea
101 0  @achi
102    @aCN@b110000
105    @ac z 000zy
106    @ar
200 10 @a一个俄罗斯姑娘和她的中国家族@Ayi ge e luo si gu niang he ta de zhong guo jia zu@f苏文河著@Fsu wen he zhu
210    @a北京@c中国文联出版公司@d1988.9
215    @a255页@c照片@d19厘米
330    @a本书收入《路漫漫》、《吉美》、《诗之梦》、《事业》等11篇报告文学作品。
540 1  @a俄罗斯 姑娘 中国 家族@Ae luo si gu niang zhong guo jia zu
606 0  @a报告文学@x中国
606 0  @a传记文学@x中国
690    @aI25
692    @a44.6528@v1974
701  0 @a苏文河@Asu wen he@4著
801  0 @aCN@bNLC@c19910513
905    @e289@f1@b219090@dI25
    
    一个俄罗斯姑娘和她的中国家族/苏文河著.-北京:中国文联出版公司,1988.9
    255页:照片;19厘米
    
    
    ISBN 7-5059-0360-8:CNY2.30
    本书收入《路漫漫》、《吉美》、《诗之梦》、《事业》等11篇报告文学作品。
●
相关链接 在E读中查询图书 在五车中查询图书 在当当中查询图书 在豆瓣中查询图书


正题名:一个俄罗斯姑娘和她的中国家族     索取号:I25/289         预约/预借

序号 登录号 条形码 馆藏地/架位号 状态 备注
1 0219090   000006790   第二借阅区/ [索取号:I25/289] 在馆    
2 0219091   000006781   第一样本阅览室/ [索取号:I25/289] 在馆    
唐山师范学院图书馆 欢迎您!
大连网信软件有限公司© 版权所有